000 00622nam a2200265Ia 4500
003 OSt
005 20220912152738.0
006 a|||||r|||| 00| 0
007 ta
008 220909b |||||||| |||| 00| 0 eng d
024 _a36720
037 _cTextual
040 _aCSL
_beng
_cCSL
041 _aeng
082 _aC470D, H7
100 _aRobinson
245 0 _aApplied thermodynamics
260 _c1947
300 _ap.
_ccm.
490 _aEngineering degree series; 1
650 _a Thermodynamics
650 _aPhysics
942 _hC470D, H7
_cTEXL
_2CC
999 _c90961
_d90961